| 000 | 00568cam a22002051 4500 | ||
|---|---|---|---|
| 001 | ne 65000020 | ||
| 003 | DLC | ||
| 005 | 20260227111810.0 | ||
| 008 | 760303s1960 ua 000 0 eng | ||
| 010 | _ane 65000020 | ||
| 035 | _a(OCoLC)2027485 | ||
| 040 |
_aDLC _cTxU _dDLC |
||
| 050 | 0 | 0 |
_aHD4885.E3 _bA7 |
| 100 | 1 | _aʻArabī, Maḥmūd Ismāʻīl. | |
| 245 | 1 | 2 |
_aA modern apprenticeship scheme in the United Arab Republic, _cby M. al-Arabi. |
| 260 |
_a[Cairo? _c1960?] |
||
| 300 |
_a23 p. _c24 cm. |
||
| 500 | _aCaption title. | ||
| 650 | 0 |
_aApprentices _zEgypt. |
|
| 999 |
_c47840 _d47840 |
||